Bibliotecas virtuales FHL (Registro nro. 1297)

Detalles MARC
000 -CABECERA
Longitud fija campo de control 00505nam a2200181 b 4500
003 - IDENTIFICADOR DELl NÚMERO DE CONTROL
Identificador del número de control OSt
005 - FECHA Y HORA DE LA ÚLTIMA TRANSACCIÓN
Fecha y hora de la última transacción 20170914095632.0
008 - CÓDIGOS DE INFORMACIÓN DE LONGITUD FIJA
Códigos de información de longitud fija 080429s2008 espa 001 0 spa d
020 ## - NÚMERO INTERNACIONAL NORMALIZADO PARA LIBROS
Número Internacional Normalizado para Libros (ISBN) 978-84-932739-9-6
040 ## - FUENTE DE LA CATALOGACIÓN
Centro catalogador de origen BP-CO
Centro transcriptor BMC
082 ## - NÚMERO DE LA CLASIFICACIÓN DECIMAL DEWEY
Númeroo de clasificación 027
245 00 - MENCIÓN DE TÍTULO
Título Bibliotecas virtuales FHL
Mención de responsabilidad, etc. Fundación Ignacio Larramendi
260 ## - PUBLICACIÓN, DISTRIBUCIÓN, ETC. (PIE DE IMPRENTA)
Lugar de publicación, distribución, etc. Madrid
Nombre del editor, distribuidor, etc. La Fundación
Fecha de publicación, distribución, etc. 2008
300 ## - DESCRIPCIÓN FÍSICA
Extensión 126 p.
Otras características físicas il.
Dimensiones 24 cm
650 24 - PUNTO DE ACCESO ADICIONAL DE MATERIA - TÉRMINO DE MATERIA
9 (RLIN) 2153
Término de materia o nombre geográfico como elemento inicial Bibliotecas digitales
710 2# - PUNTO DE ACCESO ADICIONAL - NOMBRE DE ENTIDAD
9 (RLIN) 2249
Nombre de entidad o nombre de jurisdicción como elemento inicial Fundación Ignacio Larramendi
942 ## - ENTRADA DE ELEMENTOS AGREGADOS (KOHA)
Fuente de clasificaión o esquema Dewey Decimal Classification
Koha [por defecto] tipo de item 1- Monografias
Existencias
Suprimido Perdido Fuente de clasificación o esquema Estropeado Restricciones de uso No para préstamo Código de colección Localización permanente Localización actual Localización en estanter&íacute;as Fecha adquisición Fuente de adquisición Número de inventario Préstamos totales Signatura completa Código de barras Fecha última consulta Coste, precio reemplazado Fecha del precio de reemplazo Tipo de item de Koha
NULL NULL Dewey Decimal Classification NULL Préstamo en Sala NULL NULL Biblioteca Miguel de Cervantes - UNICAES Biblioteca Miguel de Cervantes - UNICAES Sala Principal 29/04/2008 Donación - Fundación Ignacio Larramendi 001523   027 FUN bib 1001523 06/07/2013 28.00 06/07/2013 1- Monografias
NULL NULL Dewey Decimal Classification NULL Prestable NULL NULL Biblioteca Miguel de Cervantes - UNICAES Biblioteca Miguel de Cervantes - UNICAES Sala Principal 03/11/2003 Donación - Fundación Ignacio Larramendi 033478   027 FUN bib 1041992 30/06/2017   30/06/2017 1- Monografias